00836cam a2200241 a 450000100100000000500170001000800410002702000150006804000200008308200240010310000720012724500430019925000110024226000330025330000210028649000190030765000280032665000420035483000280039691000280042495201270045299900150057900000956420200929161627.0790312s1992 sp 000 f spa d a8423310248 aDO-SdBNPdBNPHU a863.64bM491n, 19921 aMedio, Dolores,d1911-1996.q(María Dolores Medio Estrada)92440110aNosotros, los Rivero /cDolores Medio. a3a ed. aBarcelona :bDestino,c1992. a359 p. ;c18 cm.1 aDestilibrov74 4aNovela española91123 4aLiteratura españolaySIGLO XX93326 0aDestilibro ;v74924142 aCatalogación derivada 001052708MOaGRbGRcCTd2009-09-30iLF1l0o863.64 M491n, 1992p9564-10r2020-06-25w2020-06-25y2ZPréstamo interno c9324d9324